Statistics for U.S. Cities Over 100,000 - F

Click here to take the quiz!

General Stats

  • This quiz has been taken 104 times
  • The average score is 7 of 12

Answer Stats

Pop.City% Correct
741,206Fort Worth
93%
494,665Fresno
90%
253,691Fort Wayne
80%
200,654Fayetteville
67%
165,521Fort Lauderdale
67%
233,136Fremont
58%
143,986Fort Collins
55%
105,549Fargo
49%
135,161Fullerton
42%
102,434Flint
41%
196,069Fontana
38%
105,321Fairfield
30%

Score Distribution

Percentile by Number Answered

Percent of People with Each Score

Your Score History

You have not taken this quiz